| 000 | 00887nam a22003017a 4500 | ||
|---|---|---|---|
| 003 | CHAP | ||
| 005 | 20220329135522.0 | ||
| 008 | 971013s1965 r 00010 d | ||
| 010 | _a37941 | ||
| 011 | _a38913 | ||
| 035 | _a43033 | ||
| 040 | _cCHAP | ||
| 082 |
_a519 _bM55 |
||
| 100 | 0 | 0 |
_aMiller, Irwin. _975775 |
| 245 | _aProbability and statistics for engineers | ||
| 260 |
_aEnglewood Cliffs : _bPrentice-Hall, _c1965 |
||
| 300 | _a432 p | ||
| 590 |
_aBATCH-UPD _b10 _c20130110 _lUCH01 _h1628 |
||
| 590 |
_aBATCH-UPD _b10 _c20130410 _lUCH01 _h1021 |
||
| 590 |
_aBATCH-UPD _b10 _c20130914 _lUCH01 _h1324 |
||
| 590 |
_aCONVERSION _b10 _c20130109 _lUCH01 _h1321 |
||
| 650 | 1 | 4 |
_aEstadÃstica. _938241 |
| 650 | 1 | 4 |
_aProbabilidades. _991687 |
| 700 | 0 |
_aFreund, John E. _943255 |
|
| 901 | _aBK | ||
| 942 | _cLIBRO | ||
| 949 |
_a519 M55 _bBC _cLIBRO _d33724000388534 _eLIBRO _h12301 _i43033 _mD _si |
||
| 999 |
_c37941 _d37941 |
||